Villes hôtes des Jeux Olympiques d'hiver - Statistiques

Statistiques générales
  • Ce quiz a été pris 5 240 fois
  • Le résultat moyen est 9 sur 22
Statistiques - réponses
Éditions Ville % Correct
2026 Milan / Cortina d'Ampezzo
91%
2022 Pékin
75%
2014 Sotchi
70%
1992 Albertville
69%
2010 Vancouver
63%
2006 Turin
58%
1952 Oslo
53%
1968 Grenoble
51%
2002, 2034 Salt Lake City
50%
1924 Chamonix-Mont-Blanc
47%
2018 Pyeongchang
43%
1964, 1976 Innsbruck
34%
1998 Nagano
32%
1988 Calgary
31%
1994 Lillehammer
31%
1984 Sarajevo
25%
1928, 1948 Saint-Moritz
23%
1972 Sapporo
21%
1956 Cortina d'Ampezzo
20%
1932, 1980 Lake Placid
16%
1936 Garmisch-Partenkirchen
14%
1960 Squaw Valley
9%
Aucun quiz correspondant
Distribution des résultats
% des personnes avec chaque résultat
Percentile par nombre de réponses
Votre historique - résultats
Vous n’avez pas pris ce quiz